[Event "Schleswig Holstein-ch Seniors op 9th"]
[Site "Buesum"]
[Date "2015.10.06"]
[Round "8"]
[White "Vierling, Paul"]
[Black "Priss, Klaus Peter"]
[Result "0-1"]
[WhiteElo "1467"]
[BlackElo "1603"]
[PlyCount "112"]
[EventDate "2015.09.28"]
[EventType "swiss"]
[EventRounds "9"]
[EventCountry "GER"]
[SourceTitle "EXT 2018"]
[Source "ChessBase"]
[SourceDate "2017.10.13"]
[SourceVersion "1"]
[SourceVersionDate "2017.10.13"]
[SourceQuality "1"]

1. e4 e5 2. Nf3 Nc6 3. Bb5 d6 4. Bxc6+ bxc6 5. d3 h6 6. h3 Be7 7. Be3 Nf6 8. Nbd2 0-0 9. 0-0 Nh7 10. c4 f5 11. exf5 Bxf5 12. Qe2 c5 13. b3 Qd7 14. Ne4 Rf7 15. Kh2 Raf8 16. Ng3 Bxh3 17. Ng1 Be6 18. f3 Nf6 19. f4 Ng4+ 20. Kh1 exf4 21. Bxf4 Rxf4 22. Rxf4 Rxf4 23. Nf3 Rf7 24. Re1 Rf6 25. Ne4 Rg6 26. d4 cxd4 27. Nxd4 Ne5 28. Nxe6 Qxe6 29. Nf2 Bh4 30. Rf1 Rf6 31. Nh3 Qg4 32. Qxg4 Nxg4 33. Kg1 Rxf1+ 34. Kxf1 Ne3+ 35. Kg1 Bg3 36. Kh1 g5 37. Ng1 g4 38. Ne2 Nf5 39. a4 c5 40. Nc3 a6 41. Nd5 Kf7 42. b4 cxb4 43. Nxb4 a5 44. Nc6 Be1 45. Kg1 Ne3 46. Nd4 Nxc4 47. Kf1 Bc3 48. Ne2 Bb4 49. g3 Nb6 50. Nd4 Nxa4 51. Ke2 Nc3+ 52. Kd3 d5 53. Nc2 Ne4 54. Ne3 Nf6 55. Kc2 h5 56. Kb3 Ke6 0-1

[Event "Schleswig Holstein-ch Seniors op 9th"]
[Site "Buesum"]
[Date "2015.09.30"]
[Round "3"]
[White "Priss, Klaus Peter"]
[Black "Bars, Joachim"]
[Result "1/2-1/2"]
[WhiteElo "1603"]
[BlackElo "1945"]
[PlyCount "75"]
[EventDate "2015.09.28"]
[EventType "swiss"]
[EventRounds "9"]
[EventCountry "GER"]
[SourceTitle "EXT 2018"]
[Source "ChessBase"]
[SourceDate "2017.10.13"]
[SourceVersion "1"]
[SourceVersionDate "2017.10.13"]
[SourceQuality "1"]

1. e4 c6 2. Nf3 d5 3. Nc3 d4 4. Na4 Bg4 5. b3 e6 6. d3 Nf6 7. Be2 c5 8. 0-0 Nc6 9. a3 Qc7 10. h3 Bh5 11. Nh2 Bxe2 12. Qxe2 h6 13. Nb2 Be7 14. Nc4 b5 15. Nd2 0-0 16. f4 Rfe8 17. Rf2 Nh7 18. Ndf1 f5 19. e5 Bf8 20. Rf3 Qf7 21. Rg3 Be7 22. Nf3 Kh8 23. Bd2 Rg8 24. h4 Qe8 25. N1h2 Qd8 26. Rh3 Bf8 27. Kh1 Qe8 28. Rg1 Ne7 29. h5 Nd5 30. Nh4 Ne7 31. g4 Qc6+ 32. N2f3 g5 33. fxg5 Nxg5 34. Rhg3 Nxf3 35. Qxf3 fxg4 36. Rxg4 Rxg4 37. Rxg4 Nf5 38. Qg2 1/2-1/2

[Event "Schleswig Holstein-ch Seniors op 9th"]
[Site "Buesum"]
[Date "2015.09.29"]
[Round "2"]
[White "Rychlik, Kurt"]
[Black "Priss, Klaus Peter"]
[Result "1-0"]
[WhiteElo "2060"]
[BlackElo "1603"]
[PlyCount "47"]
[EventDate "2015.09.28"]
[EventType "swiss"]
[EventRounds "9"]
[EventCountry "GER"]
[SourceTitle "EXT 2018"]
[Source "ChessBase"]
[SourceDate "2017.10.13"]
[SourceVersion "1"]
[SourceVersionDate "2017.10.13"]
[SourceQuality "1"]

1. Nf3 Nf6 2. g3 g6 3. Bg2 Bg7 4. 0-0 0-0 5. d3 d5 6. Nbd2 c6 7. e4 Nbd7 8. e5 Ng4 9. d4 Nb6 10. h3 Nh6 11. c3 f6 12. Qe2 fxe5 13. Nxe5 Qd6 14. Ndf3 Bf5 15. Bf4 Qf6 16. Ng5 Rae8 17. Qd2 Bc8 18. Rae1 Nf5 19. Ng4 Nc4 20. Qc1 Qxg5 21. Bxg5 h6 22. Bf4 h5 23. Ne5 e6 24. Nxg6 1-0